Sports Quiz

Random Sports or NBA Quiz

2010-11 4th Quarter Field Goal Leaders Quiz Stats

 Plays Quiz not verified by Sporcle

Score 0/51 Timer 08:00
0 Plays Today
Team Player % Correct
Dallas MavericksDirk Nowitzki
98.7%
Miami HeatLeBron James
98.7%
Miami HeatDwyane Wade
98%
Denver/New York KnicksCarmelo Anthony
96%
Dallas MavericksJason Terry
94.7%
Chicago BullsDerrick Rose
94.7%
New York KnicksAmar'e Stoudemire
94%
Los Angeles LakersKobe Bryant
94%
Oklahoma City ThunderKevin Durant
94%
Utah/New Jersey NetsDeron Williams
93.3%
Golden State WarriorsReggie Williams
93.3%
Memphis GrizzliesZach Randolph
90.7%
Denver NuggetsJ.R. Smith
90.7%
Miami HeatChris Bosh
90.7%
Boston CelticsRay Allen
90.7%
Golden State WarriorsMonta Ellis
89.3%
Golden State WarriorsStephen Curry
89.3%
New Orleans HornetsDavid West
89.3%
Utah JazzAl Jefferson
88.7%
Minnesota TimberwolvesKevin Love
88.7%
Los Angeles ClippersBlake Griffin
88%
Oklahoma City ThunderRussell Westbrook
88%
San Antonio SpursManu Ginobili
88%
Portland Trail BlazersLaMarcus Aldridge
87.3%
Atlanta HawksJoe Johnson
86%
Los Angeles LakersLamar Odom
82%
Team Player % Correct
Indiana PacersDanny Granger
82%
New Jersey NetsBrook Lopez
80.7%
Toronto RaptorsAndrea Bargnani
76.7%
Atlanta HawksAl Horford
76%
Toronto RaptorsDeMar DeRozan
73.3%
Sacramento KingsTyreke Evans
72.7%
Denver NuggetsTy Lawson
71.3%
Memphis GrizzliesMike Conley
71.3%
Philadelphia 76ersThaddeus Young
70.7%
Los Angeles ClippersEric Gordon
70.7%
Washington WizardsNick Young
70.7%
Detroit PistonsBen Gordon
70.7%
Boston CelticsGlen Davis
69.3%
Minnesota TimberwolvesMichael Beasley
65.3%
New York/Denver NuggetsRaymond Felton
65.3%
Charlotte BobcatsStephen Jackson
62%
Houston RocketsLuis Scola
59.3%
Chicago BullsKyle Korver
48%
New Orleans/Sacramento KingsMarcus Thornton
45.3%
Dallas MavericksJose Barea
44.7%
Los Angeles LakersShannon Brown
40.7%
San Antonio SpursGary Neal
40%
Utah JazzC.J. Miles
34%
Toronto RaptorsLeandro Barbosa
28.7%
Cleveland CavaliersRamon Sessions
25.3%

You're not logged in!

Compare scores with friends on all Sporcle quizzes.
OR
Log In

Show Comments

Extras

Top Quizzes Today


Score Distribution

Your Account Isn't Verified!

In order to create a playlist on Sporcle, you need to verify the email address you used during registration. Go to your Sporcle Settings to finish the process.

Report this User

Report this user for behavior that violates our Community Guidelines.

Details: